| 000 | 00703nam a2200217Ii 4500 | ||
|---|---|---|---|
| 003 | JO-AjNU | ||
| 008 | 230605s9999||||xx |||||||||||||| ||und|| | ||
| 017 | _a2008/8/2765 | ||
| 040 |
_aJO-AjNU _bara _erda _cJO-AjNU |
||
| 041 | _aara | ||
| 050 | 1 | 4 | _aHF 5415 .13.B24.2009 |
| 100 | 3 |
_aالبكري،ثامر/احمد نزار النوري, _eauthor _933194 |
|
| 245 | 0 | 0 | _aالتسويق الاخضر |
| 250 | _aط العربية | ||
| 264 | 3 | 1 | _aعمان:دار اليازوري العلمية للنشر والتوزيع؛2009 |
| 300 | _a264ص | ||
| 336 |
_atext _btxt _2rdacontent |
||
| 337 |
_aunmediated _bn _2rdamedia |
||
| 338 |
_avolume _bnc _2rdacarrier |
||
| 650 | 4 |
_aالتسويق _933195 |
|
| 999 |
_aA13485 _c17053 _d17053 |
||